[Event "POLFINAL MISTRZOSTW POLSKI JUNIOROW 2016 - C11"]
[Site "Centrum Kongresow i Rekreacji Orle Gniazdo ul. Wrzosowa 28a, Szczyrk"]
[Date "1899-12-30"]
[Round "8.5"]
[White "Kossowski, Pawel"]
[Black "Rybak, Igor"]
[Result "1/2-1/2"]
[WhiteTitle "II"]
[BlackTitle "II"]
[WhiteElo "1273"]
[BlackElo "1254"]

1. e4 c5 2. Nc3 Nc6 3. g3 d6 4. Bg2 Nf6 5. d3 e6 6. f4 Be7 7. Nf3 O-O 8. O-O Rb8
9. a4 a6 10. h3 b5 11. axb5 axb5 12. Be3 Bd7 13. Qd2 Qc7 14. Ne2 e5 15. f5 Nd4
16. Bxd4 cxd4 17. g4 b4 18. Rfc1 Qb6 19. b3 Ra8 20. Ng3 Rfc8 21. g5 Ne8 22. h4
Qc5 23. Rxa8 Rxa8 24. Qd1 Bc6 25. Kh1 Rc8 26. Nd2 Bb5 27. Nc4 Bxc4 28. dxc4 Qc7
29. Qh5 Bf8 30. g6 h6 31. gxf7+ Qxf7 32. Qxf7+ Kxf7 33. Ra1 Be7 34. h5 Bh4 35.
Kh2 Bxg3+ 36. Kxg3 Rc7 37. Bf3 Nf6 38. Ra2 Nh7 39. Ra6 Ke7 40. Ra4 Rb7 41. Ra2
Rb6 42. Ra7+ Kf6 43. Kh4 Ng5 44. Kg3 1/2-1/2

[Event "POLFINAL MISTRZOSTW POLSKI JUNIOROW 2016 - C11"]
[Site "Centrum Kongresow i Rekreacji Orle Gniazdo ul. Wrzosowa 28a, Szczyrk"]
[Date "1899-12-30"]
[Round "8.6"]
[White "Tomkiewicz, Jakub"]
[Black "Mocko, Maciej"]
[Result "0-1"]
[WhiteTitle "II"]
[BlackTitle "II"]
[WhiteElo "1232"]
[BlackElo "1195"]

1. c4 Nf6 2. g3 e6 3. d4 d5 4. cxd5 exd5 5. Bg2 c5 6. Nc3 cxd4 7. Qxd4 Nc6 8. Qd1
Bb4 9. Bd2 O-O 10. e3 Re8 11. Nge2 d4 12. Bxc6 dxc3 13. bxc3 bxc6 14. cxb4 Bh3
15. Nf4 Bg4 16. f3 Bf5 17. g4 Qc7 18. O-O Be6 19. Nxe6 Rxe6 20. e4 Rd8 21. Qc1
Qb6+ 22. Kh1 Nd7 23. Rd1 Ne5 24. Be3 Rxd1+ 25. Qxd1 Qxb4 26. Rb1 Rd6 27. Bd4 Rxd4
28. Qxd4 Qxb1+ 29. Kg2 Qxa2+ 30. Kg3 Ng6 31. Qd6 Qe6 32. Qb8+ Nf8 33. Qxa7 Qe5+
34. Kg2 Qb2+ 35. Kg3 Qc2 36. Qc7 c5 37. Qc8 c4 38. h3 c3 39. Kf4 Qd2+ 40. Ke5
c2 41. f4 c1=Q 42. Qxc1 Qxc1 0-1

[Event "POLFINAL MISTRZOSTW POLSKI JUNIOROW 2016 - C11"]
[Site "Centrum Kongresow i Rekreacji Orle Gniazdo ul. Wrzosowa 28a, Szczyrk"]
[Date "1899-12-30"]
[Round "8.7"]
[White "Rainer, Piotr"]
[Black "Marcinkowski, Jan"]
[Result "0-1"]
[WhiteTitle "III"]
[BlackTitle "II"]
[WhiteElo "1184"]
[BlackElo "1194"]

1. e4 c6 2. d4 d5 3. e5 Bf5 4. g4 Be4 5. f3 Bg6 6. h4 h6 7. h5 Bh7 8. e6 fxe6 9.
Bd3 Qd6 10. f4 Be4 11. Bxe4 dxe4 12. Ne2 Nf6 13. Ng3 g5 14. hxg6 Bg7 15. c3 Qd5
16. Be3 Qb5 17. b3 Nd5 18. Bc1 Qd3 19. Qxd3 exd3 20. Ne4 Rf8 21. O-O Nd7 22. Bd2
O-O-O 23. Na3 b5 24. Rac1 a5 25. Kh2 Rh8 26. c4 N5f6 27. Nf2 b4 28. Nb1 Nb6 29.
Kg3 Kb7 30. Be3 Ne8 31. Nxd3 Bxd4 32. Bxd4 Rxd4 33. Nc5+ Ka7 34. Nxe6 Rd3+ 35.
Kf2 Rg8 36. f5 Nf6 37. g5 Ng4+ 38. Ke2 Re3+ 39. Kd2 hxg5 40. Nxg5 Rd8+ 41. Kc2
Re2+ 42. Nd2 Rdxd2+ 43. Kb1 Rb2+ 44. Ka1 Rxa2+ 45. Kb1 Reb2# 0-1

[Event "POLFINAL MISTRZOSTW POLSKI JUNIOROW 2016 - C11"]
[Site "Centrum Kongresow i Rekreacji Orle Gniazdo ul. Wrzosowa 28a, Szczyrk"]
[Date "1899-12-30"]
[Round "8.8"]
[White "Grodzicki, Piotr"]
[Black "Martyniak, Milosz"]
[Result "1-0"]
[WhiteTitle "II"]
[BlackTitle "II"]
[WhiteElo "1199"]
[BlackElo "1178"]

1. e4 e6 2. d4 d5 3. Bd3 c5 4. exd5 exd5 5. Nf3 Bd6 6. O-O Bg4 7. h3 Bh5 8. Nbd2
Nc6 9. Be2 Nge7 10. dxc5 Bxc5 11. Nd4 Bxe2 12. Nxe2 O-O 13. b3 Re8 14. Bb2 Nf5
15. Nf3 Re7 16. Ned4 Nfxd4 17. Nxd4 Qd7 18. Nf3 Rae8 19. Re1 Rxe1+ 20. Nxe1 Qf5
21. Nd3 Bb6 22. Qd2 Nd4 23. Re1 Rxe1+ 24. Qxe1 h6 25. Qd2 Qg6 26. Bxd4 Bxd4 27.
Nf4 Qe4 28. Ne2 Bb6 29. Nc3 Qe5 30. Nxd5 Qa1+ 31. Kh2 Qxa2 32. Nxb6 axb6 33. Qd8+
Kh7 34. Qd3+ Kg8 35. Qd8+ Kh7 36. Qc7 Qb2 37. f3 Qd4 38. Kg3 Qc5 39. Qxc5 bxc5
40. Kf4 Kg6 41. Ke4 Kh5 42. g3 g5 43. Kf5 1-0

[Event "POLFINAL MISTRZOSTW POLSKI JUNIOROW 2016 - C11"]
[Site "Centrum Kongresow i Rekreacji Orle Gniazdo ul. Wrzosowa 28a, Szczyrk"]
[Date "1899-12-30"]
[Round "8.9"]
[White "Karut, Kacper"]
[Black "Choina, Jan"]
[Result "1/2-1/2"]
[WhiteTitle "II"]
[BlackTitle "II"]
[WhiteElo "1170"]
[BlackElo "1099"]

1. e4 c5 2. Nf3 d6 3. d4 cxd4 4. Nxd4 Nf6 5. Nc3 g6 6. Be3 Bg7 7. Bc4 Ng4 8. Bb5+
Kf8 9. Qf3 Nxe3 10. Qxe3 h5 11. O-O-O e5 12. Nde2 Bg4 13. Qd3 Bxe2 14. Nxe2 Kg8
15. g3 Bf8 16. Nc3 Nc6 17. Nd5 a5 18. f4 exf4 19. gxf4 Kh7 20. Rhe1 Bg7 21. Bxc6
bxc6 22. Ne3 Qb8 23. Nc4 Rd8 24. Qb3 Qc7 25. Qb6 Qd7 26. Rxd6 Qe7 27. Rxc6 Qh4
28. Rf1 Qxh2 29. Qf2 Qh3 30. f5 Rf8 31. f6 Bh6+ 32. Kb1 a4 33. e5 Qd7 34. Qc5
Qh3 35. Qf2 Qd7 36. Qc5 Qh3 37. Qf2 Qd7 38. Qc5 1/2-1/2

[Event "POLFINAL MISTRZOSTW POLSKI JUNIOROW 2016 - C11"]
[Site "Centrum Kongresow i Rekreacji Orle Gniazdo ul. Wrzosowa 28a, Szczyrk"]
[Date "1899-12-30"]
[Round "8.10"]
[White "Franc, Piotr"]
[Black "Rosenfeld, Noe"]
[Result "0-1"]
[WhiteTitle "II"]
[BlackTitle "II"]
[WhiteElo "1230"]
[BlackElo "1237"]

1. e4 c5 2. Nf3 d6 3. d4 cxd4 4. Nxd4 Nf6 5. Nc3 a6 6. Be3 e5 7. Nb3 Be6 8. f3
Nbd7 9. Be2 Be7 10. Qd2 h5 11. O-O-O Rc8 12. h3 h4 13. Bg5 b5 14. Bxf6 Nxf6 15.
Kb1 Qc7 16. Rc1 Nh5 17. Bd3 Nf4 18. Rhe1 Bg5 19. Rcd1 Nxh3 20. Qe2 Nf4 21. Qd2
Rh5 22. Bxb5+ Kf8 23. Bxa6 Ra8 24. Bb5 Qb6 25. Qxd6+ Qxd6 26. Rxd6 Nxg2 27. Rg1
h3 28. Bf1 h2 29. Rh1 Ne3 30. Be2 Bf4 31. Nd1 Ke7 32. Rd3 Bc4 33. Rxe3 Bxe3 34.
Bxc4 Bf4 35. Bd5 Rah8 36. Nf2 g6 37. a4 Rg5 38. Ka2 Rg1 39. a5 Be3 40. Rxh2 Rxh2
41. Ng4 Rxg4 42. fxg4 Rxc2 43. a6 Kd6 44. Na5 Kc7 45. Nc4 Bd4 46. Kb3 Rg2 47.
Nxe5 Rxb2+ 48. Ka3 Rb6 49. Bb7 Bxe5 50. Ka4 Rxb7 51. axb7 Kxb7 0-1

[Event "POLFINAL MISTRZOSTW POLSKI JUNIOROW 2016 - C11"]
[Site "Centrum Kongresow i Rekreacji Orle Gniazdo ul. Wrzosowa 28a, Szczyrk"]
[Date "1899-12-30"]
[Round "8.11"]
[White "Tomkiewicz, Szymon"]
[Black "Sloniewski, Jakub"]
[Result "0-1"]
[WhiteTitle "II"]
[BlackTitle "II"]
[WhiteElo "1234"]
[BlackElo "1068"]

1. c4 f5 2. d4 g6 3. e3 Nf6 4. Nf3 Bg7 5. Nc3 O-O 6. Bd3 d6 7. b3 Qe8 8. a4 e5
9. O-O e4 10. Bxe4 Nxe4 11. Nxe4 Qxe4 12. Rb1 Qxb1 13. Nd2 Qd3 14. Bb2 c6 15.
Qc1 c5 16. dxc5 Bxb2 17. Qxb2 dxc5 18. Rd1 Nc6 19. Rf1 Rd8 20. Nf3 Be6 21. Qf6
Qd6 22. Ng5 Bxc4 23. Qxd6 Rxd6 24. bxc4 h6 25. Nf3 Rad8 26. h3 Rd1 27. Nh4 Kg7
28. Nf3 Rxf1+ 29. Kxf1 Rd1+ 30. Ke2 Ra1 0-1

[Event "POLFINAL MISTRZOSTW POLSKI JUNIOROW 2016 - C11"]
[Site "Centrum Kongresow i Rekreacji Orle Gniazdo ul. Wrzosowa 28a, Szczyrk"]
[Date "1899-12-30"]
[Round "8.13"]
[White "Zyhalko, Konrad"]
[Black "Skrzypczynski, Kacper"]
[Result "1/2-1/2"]
[WhiteTitle "III"]
[BlackTitle "II"]
[WhiteElo "1173"]
[BlackElo "1228"]

1. e4 c5 2. Nf3 Nc6 3. d4 cxd4 4. Nxd4 e6 5. c4 Qa5+ 6. Nc3 Bb4 7. Ndb5 Bxc3+ 8.
Nxc3 Nge7 9. Bd3 O-O 10. Bd2 Qe5 11. O-O a6 12. Qg4 Qd4 13. Rad1 f5 14. Qg3 Qe5
15. Qxe5 Nxe5 16. Be2 f4 17. f3 g5 18. Rf2 h6 19. Na4 N7c6 20. b3 Rf7 1/2-1/2

[Event "POLFINAL MISTRZOSTW POLSKI JUNIOROW 2016 - C11"]
[Site "Centrum Kongresow i Rekreacji Orle Gniazdo ul. Wrzosowa 28a, Szczyrk"]
[Date "1899-12-30"]
[Round "8.14"]
[White "Wos, Kacper"]
[Black "Kotowicz, Kamil"]
[Result "1-0"]
[WhiteTitle "III"]
[BlackTitle "II"]
[WhiteElo "1060"]
[BlackElo "1045"]

1. Nf3 e6 2. g3 d5 3. Bg2 c5 4. O-O Nc6 5. d3 Bd7 6. Nbd2 Nge7 7. Re1 Ng6 8. e4
d4 9. Nc4 Be7 10. Bd2 O-O 11. Qc1 a6 12. e5 b5 13. Na3 Qc7 14. Bg5 Bd8 15. Qd2
Rb8 16. Bxd8 Rfxd8 17. Qg5 Be8 18. c3 dxc3 19. bxc3 Rxd3 20. Rac1 Qa5 21. Nb1
Qxa2 22. Re3 Rxe3 23. Qxe3 c4 24. Qc5 Rc8 25. Nd4 Nce7 26. Qb4 Qa4 27. Qd6 Qa5
28. Bb7 Rd8 29. Qxa6 Qxa6 30. Bxa6 Nxe5 31. Nxb5 Bxb5 32. Bxb5 Rd5 33. Na3 Rc5
34. Rd1 f6 35. Rd8+ Kf7 36. Be8+ Kg8 1-0

[Event "POLFINAL MISTRZOSTW POLSKI JUNIOROW 2016 - C11"]
[Site "Centrum Kongresow i Rekreacji Orle Gniazdo ul. Wrzosowa 28a, Szczyrk"]
[Date "1899-12-30"]
[Round "9.1"]
[White "Czernecki, Andrzej"]
[Black "Lokaj, Bartlomiej"]
[Result "1/2-1/2"]
[WhiteTitle "II"]
[BlackTitle "II"]
[WhiteElo "1266"]
[BlackElo "1249"]

1. e4 e5 2. Nf3 Nf6 3. Nxe5 d6 4. Nf3 Nxe4 5. Nc3 Nxc3 6. dxc3 Be7 7. Be3 Nc6 8.
Qd2 a6 9. O-O-O Bg4 10. Be2 Qd7 11. Nd4 Bxe2 12. Qxe2 Ne5 13. Nf3 Ng6 14. Nd4
O-O-O 15. Kb1 Bf6 16. Nb3 Rde8 17. Rhe1 Ne5 18. h3 Qc6 19. Qf1 h5 20. Nd4 Qe4
21. Bg5 Qg6 22. Bxf6 Qxf6 23. Re2 Re7 24. f4 Ng6 25. Rxe7 Nxe7 26. Re1 Kd7 27.
g3 Nd5 28. Qg2 c6 29. Qe4 Nc7 30. Qf5+ Qxf5 31. Nxf5 Ne6 32. Nd4 c5 33. Nxe6 fxe6
34. c4 Rf8 35. Kc1 h4 36. Rg1 Rh8 37. gxh4 Rxh4 38. Rxg7+ Kc6 39. Rg6 Rxf4 40.
Rxe6 Rh4 41. b3 Rxh3 42. Kb2 Rh2 43. Rg6 Rh5 44. Rf6 Re5 45. Rh6 Re3 46. Rh5 Re6
47. Rg5 Re7 48. Rg6 Rd7 49. Rf6 b5 50. Rh6 1/2-1/2

[Event "POLFINAL MISTRZOSTW POLSKI JUNIOROW 2016 - C11"]
[Site "Centrum Kongresow i Rekreacji Orle Gniazdo ul. Wrzosowa 28a, Szczyrk"]
[Date "1899-12-30"]
[Round "9.2"]
[White "Wieczorek, Mikolaj"]
[Black "Kietrys, Maciej"]
[Result "1-0"]
[WhiteTitle "II"]
[BlackTitle "II"]
[WhiteElo "1458"]
[BlackElo "1438"]

1. e4 e5 2. Nf3 Nc6 3. Bc4 Bc5 4. c3 Nf6 5. d4 exd4 6. e5 d5 7. Bb5 Ne4 8. cxd4
Bb4+ 9. Bd2 Be7 10. Bxc6+ bxc6 11. O-O O-O 12. Be3 Bg4 13. Nbd2 Nxd2 14. Qxd2
Qd7 15. Rac1 Rab8 16. b3 Rb6 17. Kh1 Bb4 18. Qe2 Qf5 19. Rg1 Re8 20. h3 Bxf3 21.
Qxf3 Qxf3 22. gxf3 Bf8 23. Rc2 g6 24. f4 Kh8 25. Bd2 Ra6 26. f3 Re6 27. Be3 f5
28. Bf2 Be7 29. Be1 Bd8 30. Bb4 Be7 31. Bxe7 Rxe7 32. Rgc1 Re6 33. b4 Rb6 34.
a3 a6 35. Rc5 Kg8 36. Kg2 Kf8 37. Kf2 Ke7 38. Ke2 Kd7 39. h4 h5 40. Kd3 Rb5 41.
Rb1 Re8 42. a4 Rb6 43. Rcc1 Reb8 44. Rg1 Rg8 45. Kc3 Ke6 46. Rg5 a5 47. Rgg1 axb4+
48. Rxb4 Ra6 49. Kb3 Ra7 50. Ka3 Kf7 51. Rc1 Ra6 52. Rb7 Rc8 53. Rcb1 Ke6 54.
Rb8 Ra8 55. Rxc8 Rxc8 56. Rc1 Kd7 57. Rg1 Rg8 58. a5 Ke6 59. Ka4 Kd7 60. a6 Ra8
61. Ka5 Rb8 62. a7 Rb2 63. Ra1 Rh2 64. a8=Q Rxh4 65. Qg8 Rxf4 66. Qf7+ 1-0

[Event "POLFINAL MISTRZOSTW POLSKI JUNIOROW 2016 - C11"]
[Site "Centrum Kongresow i Rekreacji Orle Gniazdo ul. Wrzosowa 28a, Szczyrk"]
[Date "1899-12-30"]
[Round "9.3"]
[White "Bogusz, Alan"]
[Black "Jeda, Maciej"]
[Result "0-1"]
[WhiteTitle "II"]
[BlackTitle "II"]
[WhiteElo "1476"]
[BlackElo "1312"]

1. d4 d5 2. c4 e6 3. Nc3 Nf6 4. Nf3 Nbd7 5. Bg5 Be7 6. e3 c5 7. cxd5 exd5 8. Be2
O-O 9. O-O a6 10. dxc5 Nxc5 11. Rc1 Be6 12. b3 Rc8 13. Nd4 Qd7 14. Bf3 Rfd8 15.
Qe2 Kh8 16. Rfd1 Rc7 17. g3 Rdc8 18. Bf4 Bd6 19. Bxd6 Qxd6 20. Qe1 Qd7 21. Nce2
Bf5 22. Nxf5 Qxf5 23. Nd4 Qg6 24. Qa5 Nfd7 25. Bxd5 b6 26. Qd2 Ne5 27. b4 Ne4
28. Bxe4 Qxe4 29. Rxc7 Rxc7 30. Rc1 Nc4 31. Qe2 Nxe3 32. Qxe3 Qxe3 33. Rxc7 Qe1+
34. Kg2 h6 35. Nf3 Qxb4 36. Rxf7 Qa4 37. Rb7 b5 38. Rb8+ Kh7 39. Ne5 Qxa2 40.
h4 Qd5+ 41. Nf3 a5 42. g4 a4 43. h5 a3 44. Rb6 a2 45. Ra6 b4 46. Kg3 b3 47. Nh4
Qe5+ 48. Kg2 a1=Q 0-1

[Event "POLFINAL MISTRZOSTW POLSKI JUNIOROW 2016 - C11"]
[Site "Centrum Kongresow i Rekreacji Orle Gniazdo ul. Wrzosowa 28a, Szczyrk"]
[Date "1899-12-30"]
[Round "9.4"]
[White "Mocko, Maciej"]
[Black "Kossowski, Pawel"]
[Result "0-1"]
[WhiteTitle "II"]
[BlackTitle "II"]
[WhiteElo "1195"]
[BlackElo "1273"]

1. d4 d5 2. c4 e6 3. Nc3 Nf6 4. Bg5 Be7 5. cxd5 exd5 6. Nf3 O-O 7. e3 Be6 8. Bd3
Nbd7 9. O-O c6 10. Qb3 Qc7 11. Bf4 Qc8 12. Rfc1 Nb6 13. Ne5 Nfd7 14. Qc2 h6 15.
Ne2 Nxe5 16. Bxe5 Nd7 17. Bg3 Nf6 18. Nf4 Bd7 19. Qd2 Re8 20. Ne2 Bd8 21. Nc3
a6 22. Be5 Be6 23. Bxf6 Bxf6 24. Na4 Qc7 25. Nc5 Rab8 26. Bxa6 bxa6 27. Nxa6 Qb6
28. Nxb8 Rxb8 29. a4 Bd7 30. a5 Qa6 31. b4 Be7 32. Rab1 Qb5 33. Qa2 Bc8 34. Rc2
Bf5 35. Rcb2 Bxb1 36. Qxb1 Bxb4 37. g3 Qxa5 38. Ra2 Qc7 39. Qf5 Bd6 40. Kg2 Qc8
41. Qf3 Qe8 42. Ra7 f6 43. Kh3 Qe6+ 44. Qg4 Qxg4+ 45. Kxg4 Rb2 46. Rd7 Bb4 47.
Rd8+ Kh7 48. Rc8 Rc2 49. f4 Be1 50. h4 Rc3 51. Kf3 Rc2 52. h5 Rf2+ 53. Kg4 Rg2
54. Rxc6 Rxg3+ 55. Kf5 Rxe3 56. Rd6 Rh3 57. Kg4 Rh4+ 58. Kf3 Rxh5 59. Ke2 Bb4
60. Rb6 Bf8 61. Rb8 Kg8 62. Kf3 Rh1 63. Rd8 Rh5 64. Rb8 g6 65. Rd8 Kf7 66. Rd7+
Be7 67. Kg4 Rf5 68. Ra7 h5+ 69. Kf3 g5 70. Rd7 Rxf4+ 71. Ke3 Ke6 72. Ra7 f5 73.
Ra6+ Bd6 74. Ra8 Re4+ 75. Kd3 h4 76. Re8+ Be7 77. Rh8 g4 78. Rh6+ Bf6 79. Kd2
f4 80. Rh7 f3 81. Ra7 g3 82. Ra6+ Kf7 83. Ra7+ Kg6 84. Ra3 g2 0-1

[Event "POLFINAL MISTRZOSTW POLSKI JUNIOROW 2016 - C11"]
[Site "Centrum Kongresow i Rekreacji Orle Gniazdo ul. Wrzosowa 28a, Szczyrk"]
[Date "1899-12-30"]
[Round "9.5"]
[White "Rybak, Igor"]
[Black "Grodzicki, Piotr"]
[Result "1-0"]
[WhiteTitle "II"]
[BlackTitle "II"]
[WhiteElo "1254"]
[BlackElo "1199"]

1. d4 c6 2. c4 d5 3. e3 Nf6 4. Nc3 a6 5. Nf3 Bf5 6. Qb3 Qd7 7. Ne5 Qc7 8. cxd5
cxd5 9. Nxd5 Nxd5 10. Qxd5 e6 11. Qc4 Qxc4 12. Bxc4 Bd6 13. O-O Bxe5 14. dxe5
Nc6 15. f4 Rd8 16. a3 Ke7 17. b4 b5 18. Be2 Rd7 19. Bf3 Na7 20. e4 Bg6 21. g4
h6 22. f5 Bh7 23. Be3 Nc6 24. Bc5+ Ke8 25. Bd6 Na7 26. Rac1 Kd8 27. Rfd1 Ke8 28.
Rc7 Rxc7 29. Bxc7 Nc6 30. Rd6 1-0

[Event "POLFINAL MISTRZOSTW POLSKI JUNIOROW 2016 - C11"]
[Site "Centrum Kongresow i Rekreacji Orle Gniazdo ul. Wrzosowa 28a, Szczyrk"]
[Date "1899-12-30"]
[Round "9.6"]
[White "Marcinkowski, Jan"]
[Black "Smuda, Tomasz"]
[Result "1/2-1/2"]
[WhiteTitle "II"]
[BlackTitle "III"]
[WhiteElo "1194"]
[BlackElo "1204"]

1. e4 e5 2. Nf3 Nc6 3. Bc4 Bc5 4. c3 Nf6 5. d4 exd4 6. cxd4 Bb4+ 7. Bd2 Bxd2+ 8.
Nbxd2 d5 9. exd5 Nxd5 10. Qb3 Nce7 11. O-O O-O 12. Rfe1 c6 13. Rac1 Qb6 14. Qxb6
axb6 15. a3 b5 16. Ba2 h6 17. h3 Be6 18. Ne4 Nf4 19. Bxe6 Nxe6 20. Nc5 Nxc5 21.
Rxe7 Nd3 22. Rc2 Rab8 23. g3 Rfe8 24. Rxe8+ Rxe8 25. Kf1 Kf8 26. b4 Ra8 27. Rc3
Nb2 28. Nd2 Nc4 29. Nxc4 bxc4 30. Ke2 b5 31. Re3 Re8 32. Rxe8+ Kxe8 33. Kd2 Kd7
34. Kc3 Ke6 35. a4 bxa4 36. Kxc4 a3 37. Kb3 Kd5 38. Kxa3 Kxd4 39. Kb3 c5 40. bxc5
Kxc5 41. Kc3 Kd5 42. Kd3 Ke5 43. Ke3 h5 1/2-1/2

[Event "POLFINAL MISTRZOSTW POLSKI JUNIOROW 2016 - C11"]
[Site "Centrum Kongresow i Rekreacji Orle Gniazdo ul. Wrzosowa 28a, Szczyrk"]
[Date "1899-12-30"]
[Round "9.7"]
[White "Choina, Jan"]
[Black "Fudal, Patryk"]
[Result "1-0"]
[WhiteTitle "II"]
[BlackTitle "III"]
[WhiteElo "1099"]
[BlackElo "1161"]

1. e4 c5 2. Nf3 d6 3. d4 cxd4 4. Nxd4 Nf6 5. Nc3 Nc6 6. Be2 e5 7. Nb3 Be6 8. O-O
Be7 9. Kh1 O-O 10. f4 exf4 11. Bxf4 a6 12. Rf3 b5 13. a3 Ne5 14. Rg3 Ng6 15. Be3
Ne5 16. h3 Nc4 17. Bxc4 bxc4 18. Nd4 Kh8 19. Qf3 Qa5 20. Nf5 Bxf5 21. exf5 Rab8
22. Bd4 Rg8 23. Rb1 d5 24. h4 Ne4 25. Nxe4 dxe4 26. Qxe4 Bxa3 27. Ra1 Qc7 28.
Rgxa3 Qb7 29. Qg4 f6 30. h5 h6 31. Bc3 a5 32. Qxc4 Rgc8 33. Qb3 Qc7 34. Bxa5 Rxb3
35. Bxc7 Rxa3 36. Rxa3 Rxc7 37. c3 Rc5 38. b4 Rxf5 39. Ra5 Rf1+ 40. Kh2 Rc1 41.
Rc5 Kg8 42. b5 Rb1 43. c4 Kf7 44. Rc6 Ke7 45. Kg3 Re1 46. b6 Rb1 47. c5 Kd8 48.
Rc7 Rb3+ 49. Kf4 Rb4+ 50. Kf5 Rb2 51. Ke6 Re2+ 52. Kd6 Rd2+ 53. Kc6 Re2 54. Rd7+
Ke8 55. b7 Rb2 56. Kc7 f5 57. Rd8+ 1-0

[Event "POLFINAL MISTRZOSTW POLSKI JUNIOROW 2016 - C11"]
[Site "Centrum Kongresow i Rekreacji Orle Gniazdo ul. Wrzosowa 28a, Szczyrk"]
[Date "1899-12-30"]
[Round "9.8"]
[White "Rosenfeld, Noe"]
[Black "Tomkiewicz, Jakub"]
[Result "0-0"]
[WhiteTitle "II"]
[BlackTitle "II"]
[WhiteElo "1237"]
[BlackElo "1232"]

1. e4 e5 2. Nf3 Nc6 3. Bb5 d6 4. d4 exd4 5. Nxd4 Bd7 6. Bxc6 Bxc6 7. O-O Nf6 8.
Nc3 g6 9. Nxc6 bxc6 10. Qf3 Bg7 11. e5 Nd5 12. Nxd5 cxd5 13. Qxd5 Rb8 14. exd6
Qxd6 15. Re1+ Kf8 16. Qxd6+ cxd6 17. Bf4 Be5 18. Bxe5 dxe5 19. Rxe5 Rxb2 20. c4
Kg7 21. Ra5 Rc8 22. Rc1 Rc7 23. h3 Rd7 24. c5 Rdd2 25. c6 Rxf2 26. c7 Rxg2+ 27.
Kf1 Rgf2+ 28. Kg1 Rg2+ 29. Kf1 0-1

[Event "POLFINAL MISTRZOSTW POLSKI JUNIOROW 2016 - C11"]
[Site "Centrum Kongresow i Rekreacji Orle Gniazdo ul. Wrzosowa 28a, Szczyrk"]
[Date "1899-12-30"]
[Round "9.9"]
[White "Sloniewski, Jakub"]
[Black "Rainer, Piotr"]
[Result "1-0"]
[WhiteTitle "II"]
[BlackTitle "III"]
[WhiteElo "1068"]
[BlackElo "1184"]

1. e4 c5 2. Nc3 Nc6 3. f4 e6 4. Nf3 Nge7 5. d3 d5 6. g3 d4 7. Ne2 Ng6 8. Bg2 Be7
9. O-O O-O 10. Bd2 Bd7 11. b4 cxb4 12. Nexd4 Nxd4 13. Nxd4 Bc5 14. c3 bxc3 15.
Bxc3 Be8 16. Kh1 Bxd4 17. Bxd4 Qxd4 18. f5 Ne5 19. Qh5 Nxd3 20. f6 Nf2+ 21. Rxf2
Qxa1+ 22. Rf1 Qd4 23. Qg5 Qxf6 24. Rxf6 Kh8 25. Rf4 f6 26. e5 Bc6 27. exf6 gxf6
28. Qh5 Rad8 29. Bxc6 bxc6 30. Rh4 Rd7 31. Qh6 Rff7 32. Rf4 Rd1+ 33. Kg2 Rd2+
34. Rf2 Rd8 35. Rxf6 Rg7 36. Rxe6 Rdg8 37. Qf6 h5 38. Re7 Kh7 39. Qf5+ Kh6 40.
Qf4+ Kh7 41. Qe4+ Kh8 42. Rxg7 Rxg7 43. Qxc6 Kh7 44. Qc5 Kh6 45. Kh3 Rg5 46. Qxa7
Rg7 47. Qxg7+ Kxg7 48. a4 1-0

[Event "POLFINAL MISTRZOSTW POLSKI JUNIOROW 2016 - C11"]
[Site "Centrum Kongresow i Rekreacji Orle Gniazdo ul. Wrzosowa 28a, Szczyrk"]
[Date "1899-12-30"]
[Round "9.11"]
[White "Martyniak, Milosz"]
[Black "Wos, Kacper"]
[Result "1-0"]
[WhiteTitle "II"]
[BlackTitle "III"]
[WhiteElo "1178"]
[BlackElo "1060"]

1. d4 e6 2. c4 d5 3. cxd5 exd5 4. Nc3 h6 5. Nf3 Nf6 6. Bf4 Bd6 7. Bg3 Bxg3 8. hxg3
Nc6 9. e3 Bf5 10. Bb5 Qd7 11. Ne5 Qd6 12. O-O O-O 13. Nxc6 bxc6 14. Ba4 c5 15.
dxc5 Qxc5 16. Bb3 c6 17. Rc1 Qa5 18. Na4 Be4 19. Rxc6 Qb5 20. Rc5 Qb7 21. Nc3
Rfd8 22. Nxe4 dxe4 23. Qc2 Rac8 24. Rc1 Rxc5 25. Qxc5 Ng4 26. Qc7 Qxc7 27. Rxc7
Rd2 28. Rxf7 Kh7 29. Rf4 Nf6 30. Kf1 Rxb2 31. g4 Rb1+ 32. Ke2 Rb2+ 33. Kd1 Rb1+
34. Kc2 Rh1 35. g3 Rh2 36. Kb2 h5 37. gxh5 Nxh5 38. Rh4 Rxf2+ 39. Ka3 g6 40. g4
Kh6 41. gxh5 gxh5 42. Rxe4 Kg5 43. Bd5 Rf5 44. Bb7 Ra5+ 45. Ra4 1-0

[Event "POLFINAL MISTRZOSTW POLSKI JUNIOROW 2016 - C11"]
[Site "Centrum Kongresow i Rekreacji Orle Gniazdo ul. Wrzosowa 28a, Szczyrk"]
[Date "1899-12-30"]
[Round "9.12"]
[White "Wasik, Mateusz"]
[Black "Franc, Piotr"]
[Result "1-0"]
[WhiteTitle "II"]
[BlackTitle "II"]
[WhiteElo "1263"]
[BlackElo "1230"]

1. d4 e6 2. c4 d5 3. Nf3 Nf6 4. Nc3 Be7 5. Bg5 h6 6. Bh4 O-O 7. e3 Ne4 8. Bxe7
Qxe7 9. Qc2 Nxc3 10. Qxc3 c6 11. Rc1 Nd7 12. Bd3 dxc4 13. Bxc4 Nf6 14. a3 Nd5
15. Qc2 Nf6 16. Bd3 Nd7 17. O-O e5 18. Rfd1 exd4 19. Nxd4 Ne5 20. Be2 Bg4 21.
f3 Bh5 22. Nf5 Qe8 23. e4 Rd8 24. Qb3 Rxd1+ 25. Rxd1 Qb8 26. Qc3 f6 27. Qd4 b5
28. Qd6 Qxd6 29. Rxd6 Kh7 30. Ne7 Be8 31. f4 Nf7 32. Rd2 g5 33. g3 Nh8 34. Rd6
Ng6 35. Nxc6 gxf4 36. Nxa7 fxg3 37. hxg3 Ne5 38. Nxb5 Bxb5 39. Bxb5 Rb8 40. a4
Nf3+ 41. Kf2 Ne5 42. b4 Kg6 43. Rd5 Kg5 44. a5 h5 45. a6 h4 46. gxh4+ Kxh4 47.
Rd6 Ng4+ 48. Kf3 Ne5+ 49. Kf4 Ng6+ 50. Kf5 Ne7+ 51. Kxf6 Ng8+ 52. Ke6 Ne7 53.
Kxe7 Rxb5 54. a7 Re5+ 55. Re6 Rh5 56. a8=Q 1-0

[Event "POLFINAL MISTRZOSTW POLSKI JUNIOROW 2016 - C11"]
[Site "Centrum Kongresow i Rekreacji Orle Gniazdo ul. Wrzosowa 28a, Szczyrk"]
[Date "1899-12-30"]
[Round "9.13"]
[White "Skrzypczynski, Kacper"]
[Black "Lupinski, Marcel"]
[Result "1-0"]
[WhiteTitle "II"]
[BlackTitle "II"]
[WhiteElo "1228"]
[BlackElo "1054"]

1. e4 c6 2. Nf3 d5 3. exd5 cxd5 4. d4 Bg4 5. h3 Bxf3 6. Qxf3 e6 7. Bf4 Nc6 8. c3
Be7 9. Bd3 Nf6 10. Nd2 O-O 11. O-O-O Rc8 12. g4 Qa5 13. Kb1 b5 14. g5 Nd7 15.
Nb3 Qb6 16. h4 e5 17. dxe5 Ndxe5 18. Bxe5 Nxe5 19. Qe2 Nxd3 20. Rxd3 Rfe8 21.
Re3 Qg6+ 22. Ka1 f6 23. Rxe7 Rxe7 24. Qxe7 fxg5 25. Qxg5 Qc2 26. Qxd5+ 1-0